|
|
|
|
| LEADER |
00972nam a2200253 a 4500 |
| 001 |
2602367 |
| 008 |
090525s1996 si a b 001 0 eng d |
| 010 |
|
|
|a \\\97108901
|
| 020 |
|
|
|a 9810228112
|
| 040 |
|
|
|a DLC
|c DLC
|
| 082 |
0 |
0 |
|a 539.7
|2 21
|
| 100 |
1 |
|
|a Erkoç, Şakir.
|
| 245 |
1 |
0 |
|a Lecture notes on atomic and molecular physics /
|c Şakir Erkoç, Turgay Uzer.
|
| 246 |
3 |
0 |
|a Atomic and molecular physics
|
| 260 |
|
|
|a Singapore ;
|a River Edge, NJ :
|b World Scientific,
|c c1996.
|
| 300 |
|
|
|a x, 310 p. :
|b ill. ;
|c 23 cm.
|
| 504 |
|
|
|a Includes bibliographical references (p. 287-292) and index.
|
| 541 |
1 |
|
|e 00014646
|
| 650 |
|
0 |
|a Atoms.
|
| 650 |
|
0 |
|a Molecules.
|
| 700 |
1 |
|
|a Uzer, Turgay.
|
| 852 |
4 |
|
|a Ayesha Abed Library
|j General shelf
|
| 999 |
|
|
|c 1097
|d 1097
|
| 952 |
|
|
|0 0
|1 0
|2 ddc
|4 0
|6 539_700000000000000_ERK
|7 0
|9 991
|a BRACUL
|b BRACUL
|c GEN
|d 2009-06-24
|g 0.00
|l 1
|m 2
|o 539.7 ERK
|p 3010014646
|r 2019-02-03
|s 2019-01-14
|t 1
|w 2009-06-24
|y BK
|x No price found in the accession register.
|